000 00746nam 22002413 4500
001 201915
010 _a978-972-23-5222-2
021 _aPT
_b371730/14
090 _a201915
100 _a20260422d u||y0pory50 ba
200 _aA ameaça da Bola-F
_fNuno Magalhães Guedes
_gilustrações de Pedro Potier
205 _a
210 _aBarcarena
_cEditorial Presença
_d2014
215 _a118 p.
_cbrochado
_d20 cm
225 _aObjectivo Golo
_v1
300 _aLer+ - Plano Nacional de Leitura
606 _aLiteratura Juvenil Portuguesa
_951
675 _a821.134.3-93
_vPT
_zpor
700 _92079
_aGuedes
_bNuno Magalhães
_f1958-
702 _92080
_aPotier
_bPedro
_f1975-
801 _aPT
_bBMMN
_gRPC
830 _cAna Caetano/ Isabel
990 _cLIVROS